000
00272pam a2200109a 44500
008
230405s2017 xxu||||| |||| 00| 0 eng d
041
_a
ENG
100
_a
S.B GOKHALE
245
_a
REMEDIAL BIOLOGY (S.B GOKHALE)
260
_a
_b
NIRALI PRAKASHAN PUNE
_c
2017
906
_a
5373
999
_c
280644
_d
280644